000
00252nam a2200109Ia 4500
008
220204s9999 xx 000 0 und d
082
_a
82-3
_b
SHA
100
_a
Shakespeare, William
245
0
_a
Taming of the shrew
260
_a
Java
_b
Dax
942
_c
BK
999
_c
38648
_d
38648